Fábulas morales /

I tiakina i:
Ngā taipitopito rārangi puna kōrero
Kaituhi matua: Esopo (autor)
Hōputu: Pukapuka
Reo:Pāniora
I whakaputaina: Barcelona, España : Iberia, 1967
Ngā marau:
Ngā Tūtohu: Tāpirihia he Tūtohu
Kāore He Tūtohu, Me noho koe te mea tuatahi ki te tūtohu i tēnei pūkete!

MARC

LEADER 00000nam^a2200000^a^4500
001 000011851
005 20250521000000.0
009 20260310083800.36
037 |a Acervo ITESO - Biblioteca 
041 |a ESP 
082 |a 883.  |b ESO 
100 |a Esopo  |e (autor) 
245 1 0 |a Fábulas morales /  |c Esopo... [et al.]. 
264 1 |a Barcelona, España :  |b Iberia,  |c 1967 
300 |a 206 p. 
336 |a texto  |b txt  |2 rdacontenido 
337 |a sin mediación  |b n  |2 rdamedio 
338 |a volumen  |b nc  |2 rdasoporte 
649 |a XX 
650 |a Literatura Clásica 
650 |a Literatura Griega 
650 |a Literatura Latina 
650 |a Fábulas Griegas 
650 |a Fábulas Latinas 
910 |a Fondo General 
920 |a Impresos - Libros 
930 |a Colección General 
940 |a Literatura 
905 |a 101 
901 |a 0118510100  |b IT1  |c LIT  |i 011851  |u 20250521 
902 |a https://opac.biblio.iteso.mx/vufind/Record/000011851